The supervision of elementary subjects /

Bibliographic Details
Main Author: Burton, William H. (William Henry), 1890-1964
Format: Book
Language:English
Published: New York, London : D. Appleton and company, [1929]
Series:Appleton series in supervision and teaching.
Subjects:

MARC

Tag First Indicator Second Indicator Subfields
LEADER 00000cam a2200000 4500
001 in00000077308
005 20151008052721.0
008 751113s1929 nyuak b 00110 eng
010 |a  29016832  
035 |a (OCoLC)01830312 
035 |9 AAH4602AM 
040 |a DLC  |c YOM  |d TXA  |d UtOrBLW 
049 |a TXAM  |c [47770] 
050 0 0 |a LB2805  |b .B93 
092 |a 372  |b B974s 
100 1 |a Burton, William H.  |q (William Henry),  |d 1890-1964. 
245 1 4 |a The supervision of elementary subjects /  |c edited by William H. Burton ... Contributors: the editor and Walter Barnes, Frederick G. Bonser, L. J. Brueckner [and others] ... 
264 1 |a New York,  |a London :  |b D. Appleton and company,  |c [1929] 
264 4 |c [©1929] 
300 |a xix, 710 pages :  |b including illustrations, tables, diagrams, forms. ;  |c 19 1/2 cm. 
336 |a text  |b txt  |2 rdacontent 
337 |a unmediated  |b n  |2 rdamedia 
338 |a volume  |b nc  |2 rdacarrier 
490 1 |a Appleton series in supervision and teaching 
504 |a Contains bibliographies. 
650 0 |a School management and organization. 
650 0 |a School superintendents. 
650 0 |a Education, Elementary. 
650 0 |a Teaching. 
650 0 |a Education  |x Curricula. 
740 0 |a Elementary subjects, The supervision of. 
830 0 |a Appleton series in supervision and teaching. 
999 |a MARS 
999 f f |s 7a12ba35-27c0-392d-8c38-2fda1ce7ea8a  |i ae172751-8af3-303a-a1ee-0d6a90471c49  |t 0 
952 f f |p normal  |a Texas A&M University  |b College Station  |c Sterling C. Evans Library  |d Evans: Library Stacks  |t 0  |e LB2805 .B93  |h Library of Congress classification  |i unmediated -- volume  |m A14800848120 
998 f f |a LB2805 .B93  |t 0  |l Evans: Library Stacks